[Event "CYCC U10"]
[Site "Sault Ste Marie CAN"]
[Date "2017.07.09"]
[Round "6"]
[White "Yuen, Noah"]
[Black "Sharma, Vishruth"]
[Result "0-1"]
[WhiteElo "1218"]
[BlackElo "1719"]
[WhiteFideId "-1"]
[WhiteFideId "-1"]
[PlyCount "172"]
[GameId "2160767908344654"]
[EventDate "2017.07.06"]
[EventType "swiss"]
[EventRounds "7"]
[EventCountry "CAN"]
[SourceTitle "EXT 2022"]
[Source "ChessBase"]
[SourceDate "2021.10.06"]
[SourceVersion "1"]
[SourceVersionDate "2021.10.06"]
[SourceQuality "1"]

1. d4 Nf6 2. Nf3 g6 3. c4 Bg7 4. Nc3 O-O 5. e4 d6 6. Bg5 Bg4 7. Be2 Nbd7 8. h3 Bxf3 9. Bxf3 c6 10. O-O Qb6 11. Rb1 Rfe8 12. Be3 Qc7 13. Rc1 Rad8 14. Be2 e5 15. d5 c5 16. Nb5 Qb6 17. f3 a6 18. Nc3 Qc7 19. a3 Rb8 20. b4 b6 21. b5 a5 22. Qd2 Nf8 23. Bh6 Qe7 24. Bg5 Qd7 25. f4 h6 26. fxe5 N6h7 27. Bxh6 Bxe5 28. Bg4 Qe7 29. Bxf8 Rxf8 30. Qe2 Nf6 31. Bf3 Rfe8 32. Rc2 Bd4+ 33. Kh1 Bxc3 34. Rxc3 Nxe4 35. Qxe4 Qxe4 36. Bxe4 Rxe4 37. Rf6 Rd8 38. Rff3 Kg7 39. Kh2 f5 40. Kg3 Rde8 41. Kf2 Re2+ 42. Kg3 Kf6 43. Rf2 R2e3+ 44. Rf3 Rxc3 45. Rxc3 Re4 46. Kf3 Ke5 47. g3 Kd4 48. Rc1 Kd3 49. g4 Kd2 50. gxf5 gxf5 51. Rh1 Rxc4 52. h4 Re4 53. h5 c4 54. h6 Re8 55. Rh2+ Kd3 56. h7 Rh8 57. Kf4 c3 58. Kxf5 c2 59. Rh3+ Kd4 60. Rh4+ Kxd5 61. Rh1 Rxh7 62. Rc1 Rc7 63. Kf6 Kd4 64. Ke6 Kd3 65. Kxd6 Rc5 66. Rh1 c1=Q 67. Rxc1 Rxc1 68. Kd7 Kd4 69. Kd6 Rc5 70. Ke6 Rxb5 71. Kd6 Rc5 72. Kd7 Kd5 73. Ke7 Rc7+ 74. Kf6 Rd7 75. Kf5 Rf7+ 76. Kg6 Ke6 77. Kg5 Ke5 78. Kg6 Rf1 79. Kg5 Rg1+ 80. Kh5 Kf4 81. a4 Rg2 82. Kh6 Kf5 83. Kh7 Kf6 84. Kh8 Rh2+ 85. Kg8 Rh1 86. Kf8 Rh8# 0-1

[Event "CYCC U10"]
[Site "Sault Ste Marie CAN"]
[Date "2017.07.09"]
[Round "6"]
[White "Zhong, Kevin"]
[Black "Ning, Eric"]
[Result "1/2-1/2"]
[WhiteElo "1810"]
[BlackElo "1922"]
[WhiteFideId "-1"]
[WhiteFideId "-1"]
[PlyCount "78"]
[GameId "2160767908344655"]
[EventDate "2017.07.06"]
[EventType "swiss"]
[EventRounds "7"]
[EventCountry "CAN"]
[SourceTitle "EXT 2022"]
[Source "ChessBase"]
[SourceDate "2021.10.06"]
[SourceVersion "1"]
[SourceVersionDate "2021.10.06"]
[SourceQuality "1"]

1. e4 c5 2. Ne2 Nc6 3. Nbc3 Nf6 4. d4 cxd4 5. Nxd4 e5 6. Ndb5 d6 7. Bg5 a6 8. Bxf6 gxf6 9. Na3 b5 10. Nd5 f5 11. c3 Be6 12. exf5 Bxf5 13. Qf3 Be6 14. Nf6+ Ke7 15. Be2 Bg7 16. Nh5 e4 17. Qxe4 d5 18. Qh4+ Kf8 19. Qxd8+ Rxd8 20. Nxg7 Kxg7 21. Nc2 d4 22. cxd4 Nxd4 23. Nxd4 Rxd4 24. b3 Kf6 25. O-O Rd2 26. Bf3 Rc8 27. Rfd1 Rcc2 28. Rxd2 Rxd2 29. Kf1 Ke5 30. Ke1 Rb2 31. Bb7 a5 32. Ba6 Bd7 33. Rd1 Bc6 34. Rd2 Rb1+ 35. Rd1 Rb2 36. Rd2 Rb1+ 37. Rd1 Rb2 38. Rd2 Rb1+ 39. Rd1 Rb2 1/2-1/2

[Event "CYCC U10"]
[Site "Sault Ste Marie CAN"]
[Date "2017.07.09"]
[Round "6"]
[White "Zhu, Matthew"]
[Black "Zhao, Jeffrey Renfei"]
[Result "0-1"]
[WhiteElo "1318"]
[BlackElo "1520"]
[WhiteFideId "-1"]
[WhiteFideId "-1"]
[PlyCount "68"]
[GameId "2160767908344656"]
[EventDate "2017.07.06"]
[EventType "swiss"]
[EventRounds "7"]
[EventCountry "CAN"]
[SourceTitle "EXT 2022"]
[Source "ChessBase"]
[SourceDate "2021.10.06"]
[SourceVersion "1"]
[SourceVersionDate "2021.10.06"]
[SourceQuality "1"]

1. e4 c5 2. Nf3 d6 3. d4 cxd4 4. Nxd4 Nf6 5. Nc3 a6 6. Bc4 e6 7. Bb3 Be7 8. O-O b5 9. a3 Bb7 10. Re1 Nbd7 11. Kh1 Nc5 12. f3 Nxb3 13. Nxb3 Qc7 14. Bf4 O-O 15. Bg3 Rac8 16. Qd2 Nd7 17. Red1 Ne5 18. Bxe5 dxe5 19. Rac1 h6 20. Qe2 Qb6 21. Rf1 Bxa3 22. bxa3 Rxc3 23. Qd2 Rfc8 24. Rfd1 Qc7 25. Kg1 Rxc2 26. Rxc2 Qxc2 27. Qxc2 Rxc2 28. Rd8+ Kh7 29. Rd7 Rc3 30. Nd2 Bc8 31. Rxf7 Rxa3 32. Rc7 Rd3 33. Rxc8 Rxd2 34. Rc6 a5 0-1

[Event "CYCC U10"]
[Site "Sault Ste Marie CAN"]
[Date "2017.07.10"]
[Round "7"]
[White "Adrik de Leon, Raf"]
[Black "Yuen, Noah"]
[Result "0-1"]
[WhiteElo "965"]
[BlackElo "1218"]
[WhiteFideId "-1"]
[WhiteFideId "-1"]
[PlyCount "114"]
[GameId "2160767908344657"]
[EventDate "2017.07.06"]
[EventType "swiss"]
[EventRounds "7"]
[EventCountry "CAN"]
[SourceTitle "EXT 2022"]
[Source "ChessBase"]
[SourceDate "2021.10.06"]
[SourceVersion "1"]
[SourceVersionDate "2021.10.06"]
[SourceQuality "1"]

1. e4 c5 2. Nf3 d6 3. d4 cxd4 4. Nxd4 Nf6 5. Nc3 a6 6. Be3 e6 7. Be2 Be7 8. Qd2 O-O 9. O-O-O b5 10. a3 Bb7 11. Qd3 Nbd7 12. g4 Ne5 13. Qd2 Nxe4 14. Nxe4 Bxe4 15. f3 Bb7 16. g5 Nc4 17. Bxc4 bxc4 18. h4 e5 19. Ne2 Bxf3 20. Rde1 Bxh1 21. Rxh1 d5 22. c3 Rb8 23. h5 Qd7 24. g6 Qb7 25. h6 fxg6 26. hxg7 Rf7 27. Bh6 Bxa3 28. Kd1 d4 29. Ng3 Qxb2 30. Qxb2 Rxb2 31. cxd4 Rb1+ 32. Kc2 Rxh1 33. Nxh1 exd4 34. Ng3 Bb4 35. Ne4 d3+ 36. Kb1 Rxg7 37. Bxg7 Kxg7 38. Kb2 h5 39. Kc1 h4 40. Nf2 Bc5 41. Ng4 c3 42. Kd1 a5 43. Ne5 c2+ 44. Kd2 Be3+ 45. Kxe3 c1=Q+ 46. Kxd3 a4 47. Ke2 a3 48. Nd3 Qc2+ 49. Ke3 a2 50. Nb4 Qc5+ 51. Ke4 Qxb4+ 52. Kd5 a1=Q 53. Ke6 Qf6+ 54. Kd7 Qbd6+ 55. Kc8 Qc3+ 56. Kb7 Qdb4+ 57. Ka6 Qa1# 0-1

[Event "CYCC U10"]
[Site "Sault Ste Marie CAN"]
[Date "2017.07.10"]
[Round "7"]
[White "Chen, Andrew2"]
[Black "Xie, Austin"]
[Result "0-1"]
[WhiteElo "1009"]
[BlackElo "1348"]
[WhiteFideId "-1"]
[WhiteFideId "-1"]
[PlyCount "90"]
[GameId "2160767908344660"]
[EventDate "2017.07.06"]
[EventType "swiss"]
[EventRounds "7"]
[EventCountry "CAN"]
[SourceTitle "EXT 2022"]
[Source "ChessBase"]
[SourceDate "2021.10.06"]
[SourceVersion "1"]
[SourceVersionDate "2021.10.06"]
[SourceQuality "1"]

1. e4 e6 2. d4 d5 3. Nc3 Nf6 4. e5 Nfd7 5. Nf3 c5 6. Ne2 Nc6 7. c3 cxd4 8. cxd4 Nb6 9. Ng3 Bd7 10. Bd2 Rc8 11. Bc3 Bb4 12. Be2 Bxc3+ 13. bxc3 Na5 14. Rc1 Nac4 15. Bxc4 Rxc4 16. O-O O-O 17. Re1 Qe7 18. Re2 Rfc8 19. Qd3 h6 20. Rec2 Ba4 21. Rd2 Qa3 22. Ne2 Bb5 23. Qe3 R4c7 24. Rb1 Nc4 25. Qf4 Nxd2 26. Qxd2 Bxe2 27. Qxe2 Rxc3 28. Rf1 Rc2 29. Qe1 Rc1 30. Qe2 Rxf1+ 31. Qxf1 Rc1 32. Ne1 Qc3 33. h3 Rxe1 34. Qxe1 Qxe1+ 35. Kh2 Qa1 36. a4 Qxa4 37. f4 b5 38. f5 b4 39. fxe6 fxe6 40. g4 b3 41. g5 b2 42. g6 b1=Q 43. h4 Qbb3 44. h5 Qaa2+ 45. Kg1 Qd1# 0-1

[Event "CYCC U10"]
[Site "Sault Ste Marie CAN"]
[Date "2017.07.10"]
[Round "7"]
[White "Chen, Derek1"]
[Black "Ripley, Sam"]
[Result "0-1"]
[WhiteElo "1336"]
[BlackElo "876"]
[WhiteFideId "-1"]
[WhiteFideId "-1"]
[PlyCount "66"]
[GameId "2160767908344661"]
[EventDate "2017.07.06"]
[EventType "swiss"]
[EventRounds "7"]
[EventCountry "CAN"]
[SourceTitle "EXT 2022"]
[Source "ChessBase"]
[SourceDate "2021.10.06"]
[SourceVersion "1"]
[SourceVersionDate "2021.10.06"]
[SourceQuality "1"]

1. e4 e5 2. Nc3 Nf6 3. f4 d6 4. Nf3 Nc6 5. Bb5 Bg4 6. h3 Bxf3 7. Qxf3 Be7 8. d3 O-O 9. Bxc6 bxc6 10. fxe5 dxe5 11. Qg3 Nd7 12. O-O Bh4 13. Qf3 Nf6 14. g3 Bxg3 15. Qxg3 Qd4+ 16. Be3 Qb4 17. Rxf6 Kh8 18. Qxe5 Qxb2 19. Raf1 Rfe8 20. Rxf7 Rg8 21. Qxg7+ Rxg7+ 22. Kh1 Rxf7 23. Rxf7 Qxc3 24. Bg5 Qxc2 25. Rf3 Qxa2 26. Rg3 Rf8 27. Rg2 Qb1+ 28. Kh2 Qxd3 29. e5 Qf5 30. Bf6+ Rxf6 31. exf6 Qxf6 32. Rd2 Qe5+ 33. Kg1 Qg3+ 0-1

[Event "CYCC U10"]
[Site "Sault Ste Marie CAN"]
[Date "2017.07.10"]
[Round "7"]
[White "Li, Neal Nian"]
[Black "Beliveau, Mathieu"]
[Result "1-0"]
[WhiteElo "565"]
[BlackElo "1097"]
[WhiteFideId "-1"]
[WhiteFideId "-1"]
[PlyCount "35"]
[GameId "2160767908344664"]
[EventDate "2017.07.06"]
[EventType "swiss"]
[EventRounds "7"]
[EventCountry "CAN"]
[SourceTitle "EXT 2022"]
[Source "ChessBase"]
[SourceDate "2021.10.06"]
[SourceVersion "1"]
[SourceVersionDate "2021.10.06"]
[SourceQuality "1"]

1. e4 g6 2. d4 Bg7 3. Nf3 d6 4. Nc3 Nf6 5. Bg5 O-O 6. Bc4 h6 7. Bf4 Nxe4 8. Nxe4 d5 9. Bxd5 Qxd5 10. Nc3 Qe6+ 11. Ne2 Qb6 12. O-O Nc6 13. Qd2 Bf5 14. Bxh6 Bxh6 15. Qxh6 Qxb2 16. Ng5 Rfe8 17. Qh7+ Kf8 18. Qxf7# 1-0

[Event "CYCC U10"]
[Site "Sault Ste Marie CAN"]
[Date "2017.07.10"]
[Round "7"]
[White "Locham, Divjot"]
[Black "Xu, Xinge"]
[Result "1-0"]
[WhiteElo "1119"]
[BlackElo "910"]
[WhiteFideId "-1"]
[WhiteFideId "-1"]
[PlyCount "41"]
[GameId "2160767908344666"]
[EventDate "2017.07.06"]
[EventType "swiss"]
[EventRounds "7"]
[EventCountry "CAN"]
[SourceTitle "EXT 2022"]
[Source "ChessBase"]
[SourceDate "2021.10.06"]
[SourceVersion "1"]
[SourceVersionDate "2021.10.06"]
[SourceQuality "1"]

1. e4 e5 2. Nf3 Nc6 3. Nc3 Nf6 4. Be2 Bc5 5. Nxe5 Nxe5 6. d4 Bd6 7. dxe5 Bxe5 8. Nb5 a6 9. f4 axb5 10. fxe5 Nxe4 11. O-O O-O 12. Qd5 Ra4 13. c4 c6 14. Qxe4 bxc4 15. Bxc4 b5 16. b3 Ra8 17. Bd3 g6 18. Bh6 Re8 19. Kh1 d5 20. Qf4 Qd7 21. Qf6 1-0

[Event "CYCC U10"]
[Site "Sault Ste Marie CAN"]
[Date "2017.07.10"]
[Round "7"]
[White "Wang, Yinan"]
[Black "Latorre, Vincent"]
[Result "0-1"]
[WhiteElo "952"]
[BlackElo "1200"]
[WhiteFideId "-1"]
[WhiteFideId "-1"]
[PlyCount "98"]
[GameId "2160767908344669"]
[EventDate "2017.07.06"]
[EventType "swiss"]
[EventRounds "7"]
[EventCountry "CAN"]
[SourceTitle "EXT 2022"]
[Source "ChessBase"]
[SourceDate "2021.10.06"]
[SourceVersion "1"]
[SourceVersionDate "2021.10.06"]
[SourceQuality "1"]

1. e4 e5 2. Nf3 Nc6 3. Bc4 Bc5 4. d3 Nf6 5. Ng5 O-O 6. O-O d6 7. Nf3 Bg4 8. Bg5 Nd4 9. Nbd2 h6 10. Bh4 Nc6 11. c3 a6 12. Re1 Ne7 13. Bxf6 gxf6 14. Nb3 Ba7 15. Qd2 Kh7 16. Qe2 Ng6 17. h3 Be6 18. Bxe6 fxe6 19. d4 c6 20. Rad1 Qc7 21. Qd2 d5 22. Nc5 Bxc5 23. dxc5 Rad8 24. Qc2 Kg7 25. Re3 Qf7 26. Red3 Qe7 27. Qd2 Qxc5 28. b4 Qe7 29. a3 b5 30. Kf1 a5 31. g3 a4 32. Kg2 f5 33. exf5 exf5 34. Re3 Qc7 35. Rde1 Rde8 36. Qe2 f4 37. Rd3 e4 38. Kf1 exd3 39. Qxe8 Rxe8 40. Rxe8 fxg3 41. fxg3 Qxg3 42. Re3 Qxh3+ 43. Ke1 Kf6 44. Kd2 Nf4 45. Ne5 Qg2+ 46. Kd1 Qc2+ 47. Ke1 Ng2+ 48. Kf1 Nxe3+ 49. Ke1 Qe2# 0-1

[Event "CYCC U10"]
[Site "Sault Ste Marie CAN"]
[Date "2017.07.10"]
[Round "7"]
[White "Wu, Stanley"]
[Black "Chen, Grant"]
[Result "1-0"]
[WhiteElo "928"]
[BlackElo "817"]
[WhiteFideId "-1"]
[WhiteFideId "-1"]
[PlyCount "115"]
[GameId "2160767908344670"]
[EventDate "2017.07.06"]
[EventType "swiss"]
[EventRounds "7"]
[EventCountry "CAN"]
[SourceTitle "EXT 2022"]
[Source "ChessBase"]
[SourceDate "2021.10.06"]
[SourceVersion "1"]
[SourceVersionDate "2021.10.06"]
[SourceQuality "1"]

1. e4 e5 2. Nf3 Nf6 3. Nc3 Nc6 4. Bb5 d6 5. O-O Bg4 6. h3 Bh5 7. d3 h6 8. Be3 Be7 9. a3 a6 10. Bxc6+ bxc6 11. Qe2 Rb8 12. Rab1 c5 13. b4 d5 14. Bxc5 Bxc5 15. bxc5 Rxb1 16. Rxb1 O-O 17. g4 dxe4 18. Nxe4 Nxe4 19. dxe4 Bg6 20. Nxe5 Qe7 21. Nxg6 fxg6 22. Qe3 Re8 23. Rb4 Rf8 24. f3 Qf6 25. Kg2 Rd8 26. Rb7 Qf7 27. Ra7 Qd7 28. Rxa6 Qd2+ 29. Qxd2 Rxd2+ 30. Kg3 Rxc2 31. Rxg6 Rxc5 32. Kf4 Ra5 33. Rc6 Rxa3 34. Rxc7 Kf8 35. e5 Ra4+ 36. Kf5 Ra3 37. Ke4 Ra4+ 38. Kd5 Ra5+ 39. Rc5 Rxc5+ 40. Kxc5 Ke7 41. Kd5 Kd7 42. f4 Ke7 43. f5 Kf7 44. h4 Ke7 45. g5 hxg5 46. hxg5 Kf8 47. e6 Ke8 48. f6 gxf6 49. gxf6 Kf8 50. e7+ Ke8 51. Kd6 Kf7 52. Kd7 Kxf6 53. e8=Q Kg7 54. Qe6 Kf8 55. Qe7+ Kg8 56. Ke6 Kh8 57. Kf6 Kg8 58. Qg7# 1-0

[Event "CYCC U10"]
[Site "Sault Ste Marie CAN"]
[Date "2017.07.10"]
[Round "7"]
[White "Yuan, Henry"]
[Black "Qiu, James"]
[Result "1-0"]
[WhiteElo "961"]
[BlackElo "1152"]
[WhiteFideId "-1"]
[WhiteFideId "-1"]
[PlyCount "81"]
[GameId "2160767908344672"]
[EventDate "2017.07.06"]
[EventType "swiss"]
[EventRounds "7"]
[EventCountry "CAN"]
[SourceTitle "hb 2017"]

1. e4 e6 2. Nf3 d5 3. exd5 exd5 4. d4 Nf6 5. c4 c6 6. cxd5 Nxd5 7. Be2 Bb4+ 8. Bd2 Bf5 9. Bxb4 Nxb4 10. Na3 O-O 11. O-O Nd5 12. Bc4 Qf6 13. Qb3 Nf4 14. Nc2 Qg6 15. Ne3 Be4 16. Ne5 Qf6 17. Qxb7 Na6 18. Nd7 Qg5 19. f3 Bf5 20. Nxf8 Rxf8 21. g3 Nh3+ 22. Kg2 Qxe3 23. Qxa6 Qd2+ 24. Be2 Qxb2 25. Rab1 Qxd4 26. Rbd1 Qb2 27. Kh1 Bc8 28. Qd3 Bf5 29. Qxf5 Qxe2 30. Qxh3 Qxa2 31. Qd7 Qa6 32. Ra1 Qb5 33. Qxa7 c5 34. Qa5 Qd7 35. Qxc5 Qd3 36. Rad1 Qa6 37. Rfe1 Qa8 38. Qd5 Qa4 39. Qd6 Qa5 40. Re5 Qc3 41. Qxf8+ 1-0

[Event "CYCC U10"]
[Site "Sault Ste Marie CAN"]
[Date "2017.07.10"]
[Round "7"]
[White "Zhang, Jonathan"]
[Black "Wang, Daniel Z"]
[Result "0-1"]
[WhiteElo "1278"]
[BlackElo "980"]
[WhiteFideId "-1"]
[WhiteFideId "-1"]
[PlyCount "50"]
[GameId "2160767908344673"]
[EventDate "2017.07.06"]
[EventType "swiss"]
[EventRounds "7"]
[EventCountry "CAN"]

1. e4 c5 2. Nc3 d6 3. g3 Nf6 4. Bg2 g6 5. f4 Bg7 6. Nf3 O-O 7. d3 Nc6 8. O-O Bd7 9. Qe2 Rc8 10. e5 Ne8 11. Re1 Qc7 12. Nd5 Qd8 13. exd6 exd6 14. Ne7+ Nxe7 15. Qxe7 Qxe7 16. Rxe7 Nf6 17. Nd2 b6 18. Nc4 d5 19. Bxd5 Rce8 20. Rxe8 Rxe8 21. Bf3 Ng4 22. Rb1 Bd4+ 23. Kg2 Re1 24. Ne5 Rg1+ 25. Kh3 Nxe5+ 0-1

[Event "CYCC U10"]
[Site "Sault Ste Marie CAN"]
[Date "2017.07.10"]
[Round "7.82"]
[White "Chen, Max"]
[Black "Huang, Youhe"]
[Result "1-0"]
[WhiteElo "1974"]
[BlackElo "1448"]
[WhiteFideId "-1"]
[WhiteFideId "-1"]
[PlyCount "81"]
[GameId "2160767908344674"]
[EventDate "2017.07.06"]
[EventType "swiss"]
[EventRounds "7"]
[EventCountry "CAN"]
[SourceTitle "hb 2017"]

1. e4 c5 2. Nf3 d6 3. Bb5+ Bd7 4. Bxd7+ Qxd7 5. O-O Nc6 6. c3 g6 7. d4 cxd4 8. cxd4 Bg7 9. Nc3 Nf6 10. Re1 O-O 11. h3 d5 12. e5 Ne8 13. Bf4 Nc7 14. Qd3 Ne6 15. Be3 a6 16. a3 Rfc8 17. Rac1 b5 18. b4 Rc7 19. Rc2 Rac8 20. Rec1 Kh8 21. Nd2 Nb8 22. Nb3 Kg8 23. Qe2 f5 24. exf6 Bxf6 25. Qd3 Ng7 26. Nxd5 Rxc2 27. Nxf6+ exf6 28. Rxc2 Rxc2 29. Qxc2 Nf5 30. Qe4 Qc6 31. Qf4 Nd7 32. Nc5 Nxc5 33. bxc5 Nxe3 34. Qxe3 Qd7 35. Qe4 Kf7 36. d5 a5 37. d6 Qe8 38. Qd5+ Kf8 39. d7 Qd8 40. Qd6+ Kf7 41. c6 1-0

[Event "CYCC U10"]
[Site "Sault Ste Marie CAN"]
[Date "2017.07.10"]
[Round "7.83"]
[White "Ning, Eric"]
[Black "Borysenko, Andrii"]
[Result "0-1"]
[WhiteElo "1922"]
[BlackElo "1425"]
[WhiteFideId "-1"]
[WhiteFideId "-1"]
[PlyCount "154"]
[GameId "2160767908344675"]
[EventDate "2017.07.06"]
[EventType "swiss"]
[EventRounds "7"]
[EventCountry "CAN"]
[SourceTitle "hb 2017"]

1. d4 Nf6 2. c4 e6 3. Nf3 b6 4. a3 Bb7 5. Nc3 Be7 6. d5 Bc5 7. b4 Be7 8. e4 O-O 9. Bd3 d6 10. O-O e5 11. Ne1 Nfd7 12. g3 Bf6 13. Bd2 a5 14. Ng2 Bc8 15. Qc2 axb4 16. axb4 Na6 17. Ne2 Bb7 18. Bc3 Re8 19. f4 Qe7 20. f5 g6 21. fxg6 hxg6 22. h4 Nf8 23. Rf3 Nxb4 24. Qd2 Rxa1+ 25. Bxa1 Nxd3 26. Qxd3 Nd7 27. Bc3 Nc5 28. Qc2 Bc8 29. Be1 Bg7 30. Ne3 Bh6 31. Bf2 f5 32. Ng2 Nxe4 33. Be3 Bxe3+ 34. Nxe3 Nf6 35. Rf2 Qg7 36. Qc1 Bd7 37. Qa3 Qh6 38. Ng2 Ng4 39. Rf1 Qd2 40. Re1 Qc2 41. Qb4 Qa4 42. Qc3 Ra8 43. Qc1 Qa7 44. Qg5 Be8 45. h5 b5+ 46. Kh1 Nf2+ 47. Kh2 Kh7 48. Qe7+ Kg8 49. Qg5 Ne4 50. Qh6 Nf6 51. Qg5 Nxh5 52. Rf1 Ng7 53. Ne3 Qa2 54. Rf2 Qd2 55. Qh6 Qe1 56. Kg2 Ra2 57. Kf3 e4+ 58. Kf4 Qxf2+ 59. Kg5 Qxe3+ 60. Nf4 Qxg3+ 61. Kf6 Qc3+ 62. Ke7 Qe5+ 63. Ne6 Nxe6 64. dxe6 Qg7+ 65. Qxg7+ Kxg7 66. cxb5 e3 67. b6 cxb6 68. Kxe8 e2 69. e7 Ra8+ 70. Kd7 e1=Q 71. Kc6 Qxe7 72. Kd5 Ra5+ 73. Kc4 Qe4+ 74. Kb3 Rd5 75. Kc3 Rd3+ 76. Kc2 Qe2+ 77. Kc1 Rd1# 0-1

[Event "CYCC U10"]
[Site "Sault Ste Marie CAN"]
[Date "2017.07.10"]
[Round "7.84"]
[White "Guipi Bopala, Prince Eric jr"]
[Black "Zhong, Kevin"]
[Result "0-1"]
[WhiteElo "1814"]
[BlackElo "1810"]
[WhiteFideId "-1"]
[WhiteFideId "-1"]
[PlyCount "124"]
[GameId "2160767908344676"]
[EventDate "2017.07.06"]
[EventType "swiss"]
[EventRounds "7"]
[EventCountry "CAN"]
[SourceTitle "hb 2017"]

1. d4 d5 2. Bf4 c5 3. e3 cxd4 4. exd4 Nc6 5. c3 Bf5 6. Bd3 Bxd3 7. Qxd3 e6 8. Nf3 Bd6 9. Bg3 Nge7 10. O-O O-O 11. Nbd2 Nf5 12. Rfe1 Nxg3 13. hxg3 Rb8 14. a4 a6 15. Re2 b5 16. axb5 axb5 17. b4 h6 18. Nb3 Qc7 19. Rae1 Rfc8 20. Qd2 Ra8 21. Nc5 Bxc5 22. dxc5 Rd8 23. Nd4 Nxd4 24. Qxd4 Ra3 25. Re3 Rda8 26. Kh1 Qa7 27. Kg1 Ra2 28. Qd3 Qa4 29. R3e2 Ra3 30. Qd4 Qb3 31. Re3 Qc2 32. R1e2 Ra1+ 33. Kh2 Qc1 34. Re1 Qxe1 35. Rxe1 Rxe1 36. c6 Re4 37. Qb6 Rc4 38. Qb7 Rf8 39. Qxb5 Rc8 40. Qa5 R4xc6 41. b5 Rxc3 42. b6 Rb3 43. Qa7 Rf8 44. b7 Rb4 45. Kh3 d4 46. Qc5 Rxb7 47. Qxd4 Rfb8 48. Kh2 Rb5 49. Qd3 Rd5 50. Qe4 Rbd8 51. Qf3 Rd2 52. Kh3 Ra2 53. Qf4 Rdd2 54. Qb8+ Kh7 55. Qb1+ g6 56. f4 Rxg2 57. Qb7 Kg7 58. Qc7 h5 59. Qe5+ f6 60. Qc7+ Kh6 61. g4 hxg4+ 62. Kh4 g5+ 0-1

[Event "CYCC U10"]
[Site "Sault Ste Marie CAN"]
[Date "2017.07.10"]
[Round "7.85"]
[White "Sharma, Vishruth"]
[Black "Ghazarian, Tigran"]
[Result "1-0"]
[WhiteElo "1719"]
[BlackElo "1825"]
[WhiteFideId "-1"]
[WhiteFideId "-1"]
[PlyCount "103"]
[GameId "2160767908344677"]
[EventDate "2017.07.06"]
[EventType "swiss"]
[EventRounds "7"]
[EventCountry "CAN"]
[SourceTitle "hb 2017"]

1. e4 c5 2. Nf3 Nc6 3. d4 cxd4 4. Nxd4 g6 5. Be3 Bg7 6. Nc3 Nf6 7. Be2 O-O 8. O-O d6 9. h3 Bd7 10. Qd2 Rc8 11. Rad1 Nxd4 12. Bxd4 Bc6 13. Qe3 Nd7 14. Bxg7 Kxg7 15. f4 Qb6 16. Qxb6 Nxb6 17. Bd3 Nd7 18. Rfe1 b6 19. Kf2 Nc5 20. Ke3 Kf6 21. g4 g5 22. f5 Nd7 23. h4 h6 24. Rh1 Rh8 25. Rh2 Ne5 26. Be2 Rhg8 27. Rdh1 Kg7 28. hxg5 hxg5 29. Rh7+ Kf8 30. Rh8 f6 31. R1h3 Nf7 32. R8h7 Rg7 33. Bc4 Ra8 34. Nd5 Ne5 35. Bb3 Rxh7 36. Rxh7 Nxg4+ 37. Kd2 Re8 38. Nc7 e6 39. Nxe6+ Rxe6 40. fxe6 Kg8 41. Rc7 Be8 42. e7+ Kg7 43. Rc8 Bh5 44. e8=Q Bxe8 45. Rxe8 Ne5 46. Re7+ Kg6 47. Rxa7 g4 48. Ke2 Kg5 49. Kf2 Kf4 50. Rg7 Kxe4 51. Kg3 f5 52. Rf7 1-0

[Event "CYCC U10"]
[Site "Sault Ste Marie CAN"]
[Date "2017.07.10"]
[Round "7.86"]
[White "Zhao, Jeffrey Renfei"]
[Black "Xu, Daniel"]
[Result "0-1"]
[WhiteElo "1520"]
[BlackElo "1941"]
[WhiteFideId "-1"]
[WhiteFideId "-1"]
[PlyCount "94"]
[GameId "2160767908344678"]
[EventDate "2017.07.06"]
[EventType "swiss"]
[EventRounds "7"]
[EventCountry "CAN"]
[SourceTitle "hb 2017"]

1. e4 e5 2. Nf3 Nc6 3. Bc4 Bc5 4. O-O Nf6 5. d3 d6 6. Bb3 Bg4 7. c3 Qd7 8. Be3 O-O-O 9. Bc2 Bxe3 10. fxe3 d5 11. exd5 Nxd5 12. Qe2 f5 13. Nbd2 f4 14. Nc4 b5 15. e4 Nxc3 16. bxc3 bxc4 17. dxc4 Bxf3 18. Qxf3 Na5 19. Rab1 c6 20. c5 Nb7 21. Rfd1 Qe7 22. Rdc1 Qxc5+ 23. Kh1 h5 24. Rb4 Kc7 25. Qe2 Nd6 26. Ra4 Rb8 27. Bb3 g5 28. Rd1 g4 29. Qd3 Rhd8 30. Qe2 Nb5 31. Rc1 Rd7 32. Rc4 Qe3 33. Qxe3 fxe3 34. Re1 Rd3 35. g3 Rf8 36. Bc2 Rd2 37. Ba4 a6 38. Kg1 Rff2 39. Rxe3 Rg2+ 40. Kf1 Rxh2 41. Kg1 Rdg2+ 42. Kf1 Rxa2 43. Kg1 Rhb2 44. Rd3 Rb1+ 45. Rd1 Rxa4 46. Rxc6+ Kxc6 47. Rxb1 Rxe4 0-1

[Event "CYCC U10"]
[Site "Sault Ste Marie CAN"]
[Date "2017.07.10"]
[Round "7.88"]
[White "Wang, Daniel1"]
[Black "Srinivas, Atharva"]
[Result "1/2-1/2"]
[WhiteElo "1285"]
[BlackElo "1383"]
[WhiteFideId "-1"]
[WhiteFideId "-1"]
[PlyCount "70"]
[GameId "2160767908344679"]
[EventDate "2017.07.06"]
[EventType "swiss"]
[EventRounds "7"]
[EventCountry "CAN"]
[SourceTitle "EXT 2022"]
[Source "ChessBase"]
[SourceDate "2021.10.06"]
[SourceVersion "1"]
[SourceVersionDate "2021.10.06"]
[SourceQuality "1"]

1. e4 e5 2. Bc4 Bc5 3. Nf3 Nc6 4. d3 Nf6 5. c3 h6 6. Bb3 d6 7. h3 O-O 8. Nbd2 Ne7 9. Nf1 Ng6 10. Ng3 Re8 11. O-O Bb6 12. Re1 d5 13. Be3 Bxe3 14. Rxe3 c6 15. Qe1 Qc7 16. d4 exd4 17. Nxd4 dxe4 18. Nxe4 Nxe4 19. Rxe4 Bd7 20. Rd1 Re5 21. Nf3 Ree8 22. Rd2 Rad8 23. Rde2 Qc8 24. Ne5 Nxe5 25. Rxe5 Rxe5 26. Rxe5 Re8 27. Re7 Rxe7 28. Qxe7 Qe8 29. Qxe8+ Bxe8 30. f4 Kf8 31. Kf2 Ke7 32. Ke3 Kf6 33. g4 b6 34. Ke4 Bd7 35. Bd1 Be6 1/2-1/2

[Event "CYCC U10"]
[Site "Sault Ste Marie CAN"]
[Date "2017.07.10"]
[Round "7.90"]
[White "Vo, Peter"]
[Black "Zhu, Matthew"]
[Result "0-1"]
[WhiteElo "1362"]
[BlackElo "1318"]
[WhiteFideId "-1"]
[WhiteFideId "-1"]
[PlyCount "86"]
[GameId "2160767908344680"]
[EventDate "2017.07.06"]
[EventType "swiss"]
[EventRounds "7"]
[EventCountry "CAN"]
[SourceTitle "hb 2017"]

1. e4 c5 2. Nf3 Nc6 3. d4 cxd4 4. Nxd4 Nf6 5. Nc3 e5 6. Nb3 Bb4 7. Bd3 Bxc3+ 8. bxc3 O-O 9. O-O d5 10. exd5 Nxd5 11. Bb2 Re8 12. Re1 Kh8 13. Bb5 Nde7 14. c4 f6 15. Qxd8 Rxd8 16. Rad1 Bf5 17. c3 Rab8 18. g3 a6 19. Bxc6 Nxc6 20. Kg2 b6 21. Ba3 Be6 22. Rxd8+ Nxd8 23. Rd1 Bxc4 24. Rd7 Ne6 25. Nd2 Bb5 26. Re7 Re8 27. Rb7 Bc6+ 28. Kh3 Bxb7 29. Nc4 Ng5+ 30. Kg4 Bc8+ 31. Kh4 g6 32. g4 Rd8 33. Nd6 Be6 34. c4 Nf7 35. c5 bxc5 36. Nxf7+ Bxf7 37. Bxc5 Rd3 38. Be3 a5 39. Kg3 Bxa2 40. Kg2 Bd5+ 41. Kf1 Bf3 42. Bd2 Rxd2 43. g5 Rd1# 0-1